| 000 | 01550cam a2200265 a 4500 | ||
|---|---|---|---|
| 999 |
_c127358 _d127358 |
||
| 001 | 15517768 | ||
| 003 | ARRUPE | ||
| 005 | 20180111122706.0 | ||
| 008 | 081110s2009 pau b 001 0 eng | ||
| 010 | _a 2008049074 | ||
| 020 | _a9781589661813 (pbk.) | ||
| 040 |
_aDLC _cDLC _dDLC |
||
| 050 | 0 | 0 |
_aB2949.R3 _bS275 2009 |
| 082 | 0 | 0 |
_a210.92 _222 |
| 100 | 1 |
_aSchlitt, Dale M. _938394 |
|
| 245 | 1 | 0 |
_aDivine subjectivity : _bunderstanding Hegel's philosophy of religion / _cDale M. Schlitt. |
| 260 |
_aScranton : _bUniversity of Scranton Press, _c2009. |
||
| 300 |
_axxiv, 331 p. ; _c23 cm. |
||
| 504 | _aIncludes bibliographical references (p. 311-327) and index. | ||
| 505 | 0 | _aHegel's philosophy of religion lecture texts. Critical editions-continuing the Hegel renaissance -- Hegel's tripartite philosophy of religion. The concept of religion ; Determinate religion ; The consummate religion -- Hegel's religious dialectic of identity and difference. Identity and religion ; The whole truth: trinity ; Incarnation and otherness ; The kingdom of God. | |
| 600 | 1 | 0 |
_aHegel, Georg Wilhelm Friedrich, _d1770-1831 _xReligion. _938395 |
| 650 | 0 |
_aReligion _xPhilosophy _xHistory _y19th century. _938396 |
|
| 906 |
_a7 _bcbc _corignew _d1 _eecip _f20 _gy-gencatlg |
||
| 942 |
_2lcc _cMONOGRAPH |
||